| 000 | 00556nam a2200169 i 4500 | ||
|---|---|---|---|
| 001 | 32270 | ||
| 003 | ES-MaACL | ||
| 005 | 20230906154537.0 | ||
| 007 | t| | ||
| 008 | 200925s1878 sp ||||1| spa d | ||
| 245 | 0 | 0 | _aMonografia del establecimiento de baƱos minero-medicinales de Borines, provincia de Oviedo. |
| 260 |
_a[S.l.] : _b[s.n.], _c1878 ( _eMadrid : _fTip.-Estereotipia Perojo) |
||
| 300 |
_a24 p. : _bil. ; _c23 cm. |
||
| 650 | 4 |
_aAguas minerales- _zBorines. _9170350 |
|
| 650 | 4 |
_aBalnearios- _zBorines. _9170351 |
|
| 852 |
_aES-MaACL _jT-252-F-3 |
||
| 999 |
_c32270 _d32270 |
||